[Event "EU-ch 12th"]
[Site "Aix les Bains"]
[Date "2011.03.30"]
[Round "8"]
[White "Duveau, Erwan"]
[Black "Mazard, Bruno"]
[Result "1-0"]
[WhiteElo "1767"]
[BlackElo "1491"]
[PlyCount "37"]
[EventDate "2011.03.22"]
[EventType "swiss"]
[EventRounds "11"]
[EventCountry "FRA"]
[SourceTitle "CBM 142 Extra"]
[Source "ChessBase"]
[SourceDate "2011.06.27"]
[SourceVersion "1"]
[SourceVersionDate "2011.06.27"]
[SourceQuality "1"]

1. e4 c6 2. d4 d5 3. exd5 Qxd5 4. Nf3 Bg4 5. Be2 Nf6 6. 0-0 e6 7. c4 Qa5 8. Nc3 Bb4 9. Bd2 Qd8 10. a3 Bd6 11. Ne5 Bxe2 12. Qxe2 0-0 13. Bg5 Be7 14. Rad1 Qc7 15. f4 h6 16. Bxf6 Bxf6 17. Rf3 Rd8 18. Rg3 Qb6 19. c5 1-0

[Event "EU-ch 12th"]
[Site "Aix les Bains"]
[Date "2011.03.24"]
[Round "1"]
[White "Mazard, Bruno"]
[Black "Goganov, Aleksey"]
[Result "0-1"]
[WhiteElo "1491"]
[BlackElo "2469"]
[PlyCount "26"]
[EventDate "2011.03.22"]
[EventType "swiss"]
[EventRounds "11"]
[EventCountry "FRA"]
[SourceTitle "CBM 142 Extra"]
[Source "ChessBase"]
[SourceDate "2011.06.27"]
[SourceVersion "1"]
[SourceVersionDate "2011.06.27"]
[SourceQuality "1"]

1. d4 Nf6 2. Bg5 d5 3. c3 Ne4 4. Be3 Nc6 5. Nd2 Nxd2 6. Bxd2 e5 7. e3 Bf5 8. Bb5 Bd6 9. Qb3 a6 10. Be2 Be4 11. f3 Bg6 12. Qxd5 exd4 13. cxd4 Bg3+ 0-1

[Event "EU-ch 12th"]
[Site "Aix les Bains"]
[Date "2011.03.23"]
[Round "2"]
[White "Villegas, Pierre"]
[Black "Mazard, Bruno"]
[Result "1-0"]
[WhiteElo "2246"]
[BlackElo "1491"]
[PlyCount "26"]
[EventDate "2011.03.22"]
[EventType "swiss"]
[EventRounds "11"]
[EventCountry "FRA"]
[SourceTitle "CBM 142 Extra"]
[Source "ChessBase"]
[SourceDate "2011.06.27"]
[SourceVersion "1"]
[SourceVersionDate "2011.06.27"]
[SourceQuality "1"]

1. d4 Nf6 2. c4 e5 3. dxe5 Ng4 4. e3 Nxe5 5. Nh3 d6 6. Nf4 Bg4 7. Qb3 b6 8. h3 Bf5 9. Be2 Be4 10. Nc3 Bb7 11. 0-0 Qg5 12. Nfd5 Na6 13. f4 Qg6 1-0

[Event "FRA-ch op-D"]
[Site "Aix les Bains"]
[Date "2007.08.21"]
[Round "7"]
[White "Mazard, Bruno"]
[Black "Klein, Rene"]
[Result "0-1"]
[WhiteElo "1440"]
[BlackElo "1490"]
[PlyCount "140"]
[EventDate "2007.08.13"]
[EventType "swiss"]
[EventRounds "11"]
[EventCountry "FRA"]
[SourceTitle "CBM 120 Extra"]
[Source "ChessBase"]
[SourceDate "2007.11.01"]
[SourceVersion "1"]
[SourceVersionDate "2007.11.01"]
[SourceQuality "1"]

1. d4 Nf6 2. c4 e6 3. Nc3 a6 4. a3 Be7 5. e4 d6 6. Nf3 Nc6 7. Bd3 e5 8. d5 Na7 9. h3 0-0 10. Be3 b6 11. Nd2 Nd7 12. b4 Bb7 13. Qg4 Nf6 14. Qg3 Bc8 15. Qf3 Ne8 16. Qg3 Kh8 17. Qf3 Bd7 18. h4 Qc8 19. Bg5 f6 20. Be3 Bg4 21. Qg3 f5 22. exf5 Bxf5 23. Bxf5 Qxf5 24. Nde4 Nf6 25. Qg5 Qd7 26. Nxf6 Bxf6 27. Qh5 Rae8 28. Ne4 g6 29. Qh6 Bg7 30. Qg5 Rf5 31. Qg4 Ref8 32. Ng3 R5f7 33. Qe4 Bf6 34. h5 g5 35. h6 Qd8 36. Nh5 Nc8 37. Ng7 Bxg7 38. hxg7+ Rxg7 39. Ke2 Rff7 40. Rh5 Qg8 41. Rah1 Ne7 42. g4 Ng6 43. Rxg5 Nf4+ 44. Bxf4 Rxf4 45. Rxh7+ Qxh7 46. Qxf4 exf4 47. Rh5 Qxh5 48. gxh5 Rf7 49. a4 Kh7 50. Kf3 Kh6 51. Ke4 Kxh5 52. Kf3 Kh4 53. c5 Kg5 54. cxb6 cxb6 55. Ke4 Re7+ 56. Kf3 Kf5 57. Kg2 Re4 58. Kf3 Rxb4 59. Ke2 Rxa4 60. Kd3 Ke5 61. f3 a5 62. Kc2 Rc4+ 63. Kd3 Kxd5 64. Kd2 a4 65. Kd3 a3 66. Kd2 a2 67. Kd3 a1Q 68. Kd2 Qc3+ 69. Ke2 Qe3+ 70. Kd1 Rc1# 0-1